000 00413nam a2200157 i 4500
001 181267
003 ES-MaACL
005 20230906221321.0
008 121122s1867 fr |||| | fre d
080 _a821.133.1-31"18"
100 0 _aAimard, Gustave.
_918974
245 1 3 _aLa mas-horca /
_cpar Gustave Aimard.
260 _aParis :
_bAmyot,
_c1867.
300 _a393 p. ;
_c18 cm.
852 _aES-MaACL
_jC-3031
999 _c181267
_d181267